El Principio de legalidad financiera como presupuesto de validez del acto administrativo / Francisco Bohoyo Castañar ; prólogo: Ricardo Bolufer Nieto Ricardo Bolufer Nieto
ISBN:
84-7196-595-x
Descripción Física:
366 p. ; 24 cm
Colección:
Estudios jurídicos
Otros Autores:
Bolufer Nieto, Ricardo
MARC
| LEADER | 00000nam a2200000Ia 4500 | ||
|---|---|---|---|
| 001 | 18344 | ||
| 008 | 160829s1986 xx 000 0 cat d | ||
| 020 | |a 84-7196-595-x | ||
| 080 | |a M-5-292 | ||
| 100 | |a Bohoyo Castañar, Francisco |9 27196 | ||
| 245 | |a El Principio de legalidad financiera como presupuesto de validez del acto administrativo / Francisco Bohoyo Castañar ; prólogo: |b Ricardo Bolufer Nieto | ||
| 260 | |a Madrid : |b Instituto de Estudios Fiscales, |c 1986 | ||
| 300 | |a 366 p. ; |c 24 cm | ||
| 490 | |a Estudios jurídicos | ||
| 590 | |a Bibliografia | ||
| 650 | 0 | |a Actes administratius |z Espanya |9 10659 | |
| 650 | |a Impostos |x Administració i procediment |x Espanya |9 38145 | ||
| 650 | 0 | |a Procediment administratiu |z Espanya |9 19587 | |
| 700 | 1 | |a Bolufer Nieto, Ricardo |9 27198 | |
| 901 | |a Arxiu | ||
| 942 | |n 1 | ||
| 952 | |0 0 |1 0 |4 0 |6 M5292 |7 1 |9 44307 |a Arxiu |b Arxiu |d 2016-12-01 |l 0 |o M-5-292 |p 18344 |r 2016-12-01 00:00:00 |w 2016-12-01 |y ARXIU | ||
| 999 | |c 46887 |d 46887 | ||